000 01021nam a2200229 4500
001 2452358
003 IlBcCP
005 20250721114822.0
008 250718s2026 mnua 000 0 eng
020 _a9798875232824
040 _cIlBcCP
082 1 4 _a796.962
100 1 _aSmith, Elliott.
_96438133
245 1 0 _aAll-pro hockey almanac /
_cElliott Smith.
260 _aNorth Mankato, MN :
_bCapstone Press,
_c2026.
300 _a47 p. :
_bill. (chiefly col.) ;
_c20 cm
520 _aFrom the best stick handlers and scorers to the greatest goalies and everything in between, readers will find all the hottest hockey trivia here. Photos that pop and small bites of information make for fun, enjoyable reading for hard-core hockey fans. Browsable text and high-flying hockey action help to draw in reluctant readers as well as the most dedicated sports enthusiasts.
521 2 _a345
_bLibraria.
650 7 _aHockey players
_xRating of.
_2sears
_96548954
650 7 _aHockey.
_2sears
949 _h796.962
_iSmi
_920.99
999 _c410045
_d410045